| 000 | 00704nam a2200229 a 4500 | ||
|---|---|---|---|
| 001 | 000022165 | ||
| 005 | 20200930011617.0 | ||
| 008 | 100917s1997 ec 000 e spa d | ||
| 020 | _a9978500243 | ||
| 020 | _a9978500278 (volumen 1) | ||
| 040 |
_aDO-SdBNP _bspa _cBNPHU |
||
| 082 |
_a986.602 _bN964c, 1997 |
||
| 100 | 1 |
_aNuñez Sánchez, Jorge. _913252 |
|
| 245 | 1 | 3 |
_aEl cataclismo de 1797 / _cJorge Nuñez Sánchez. |
| 250 | _a2a ed. | ||
| 260 |
_aQuito, (Ecuador) : _bUniversidad Estatal de Bolivar, _c1997. |
||
| 300 |
_a88 p. ; _c15 cm. |
||
| 490 | 1 |
_aTodo es Historia _v1 |
|
| 651 | 4 |
_aEcuador _xHistoria _94781 |
|
| 650 | 4 |
_aEnsayos ecuatorianos _93909 |
|
| 650 | 4 |
_aLiteratura ecuatoriana _93938 |
|
| 999 |
_c21663 _d21663 |
||